Statistics for 法国邻国国旗

Click here to take the quiz!

General Stats

  • This quiz has been taken 152 times
  • The average score is 9 of 10

Answer Stats

Answer% Correct
德国
100%
意大利
99%
西班牙
99%
瑞士
99%
比利时
96%
巴西
90%
卢森堡
86%
安道尔
81%
摩纳哥
76%
苏里南
75%

Score Distribution

Percentile by Number Answered

Percent of People with Each Score

Your Score History

You have not taken this quiz